Eurovision 2025 - Estadísticas

Estadísticas generales
  • Esta prueba ha sido intentada 23 veces
  • La puntuación promedio es 15 de 26
Estadísticas de respuestas
Puesto País % Correcto
Austria
100%
Israel
94%
Suecia
89%
Estonia
78%
Italia
78%
24° España
67%
Francia
61%
Grecia
61%
10° Suiza
61%
25° Islandia
56%
13° Letonia
56%
19° Reino Unido
56%
26° San Marino
56%
Ucrania
56%
Albania
50%
15° Alemania
50%
18° Noruega
50%
23° Dinamarca
44%
11° Finlandia
44%
12° Países Bajos
44%
21° Portugal
44%
22° Luxemburgo
39%
14° Polonia
39%
20° Armenia
33%
16° Lituania
33%
17° Malta
28%
No se encontraron pruebas coincidentes
Distribución de puntuación
Porcentaje de gente con cada puntuación
Porcentaje por número respondido
Historial de tus puntuaciones
No has intentado esta prueba.